Northwest Territories Trivia - Statistics

General Stats
  • This quiz has been taken 407 times
  • The average score is 10 of 20
Answer Stats
Clue Answer % Correct
32.1% of the population consists of First Nations and 10.9% of this Arctic groupof people, known for making Igloos Inuit / Eskimo
89%
Largest lakes located entirely inside Canadian land Great {Bear} Lake
86%
Quadripoint between NWT, Manitoba, Saskatchewan and the above Four {Corner}s
80%
Most recent province or territory to separate itself from Northwest Territories Nunavut
79%
Capital of Northwest Territories Yellowknife
76%
Largest lakes located entirely inside Canadian land Great {Slave} Lake
75%
Sea route connecting the Atlantic and Pacific Oceans to each other Northwest {Passage}
74%
Highest mountain (hint: namesake of an American grunge band) Mount {Nirvana}
60%
Largest island - shares it with a bordering territory Victoria Island
50%
Gulf located between those islands and mainland Northwest Territories (hint: named for a famous Norwegian explorer) {Amundsen} Gulf
45%
The longest river system in Canada Mackenzie River
42%
This substance is mined in Diavik Diamond
40%
Most spoken indigenous language in Northwest Territories (hint: human's best friend + long curved bones) Dogrib
39%
Northwest Territories has the highest ____ per-capita of any province or territory GDP
35%
Largest island entirely controlled by Northwest Territories Banks Island
34%
Sea the coastal mainland of Northwest Territories border Beaufort Sea
26%
Name one of the two cities (in other provinces) that served as the capital of Northwest Territories between 1883–1967 Regina / Ottawa
26%
National park shared with Alberta Wood {Buffalo}
25%
Animals depicted on the coat of arms of Northwest Territories Narwhals / White fox
21%
The capital is called "Sǫǫ̀mbak’è" in that language, which means "Where the _____ is" Money
14%
No matching quizzes found
Score Distribution
Percent of People with Each Score
Percentile by Number Answered
Your Score History
You have not taken this quiz